<?xml version="1.0" encoding="UTF-8"?><?xml-stylesheet type="text/xsl" href="static/style.xsl"?><OAI-PMH xmlns="http://www.openarchives.org/OAI/2.0/" xmlns:xsi="http://www.w3.org/2001/XMLSchema-instance" xsi:schemaLocation="http://www.openarchives.org/OAI/2.0/ http://www.openarchives.org/OAI/2.0/OAI-PMH.xsd"><responseDate>2026-04-14T18:30:20Z</responseDate><request verb="GetRecord" identifier="oai:uvadoc.uva.es:10324/28111" metadataPrefix="marc">https://uvadoc.uva.es/oai/request</request><GetRecord><record><header><identifier>oai:uvadoc.uva.es:10324/28111</identifier><datestamp>2021-07-06T08:27:15Z</datestamp><setSpec>com_10324_28098</setSpec><setSpec>com_10324_5186</setSpec><setSpec>com_10324_29291</setSpec><setSpec>col_10324_28099</setSpec></header><metadata><record xmlns="http://www.loc.gov/MARC21/slim" xmlns:doc="http://www.lyncode.com/xoai" xmlns:xsi="http://www.w3.org/2001/XMLSchema-instance" xmlns:dcterms="http://purl.org/dc/terms/" xsi:schemaLocation="http://www.loc.gov/MARC21/slim http://www.loc.gov/standards/marcxml/schema/MARC21slim.xsd">
<leader>00925njm 22002777a 4500</leader>
<datafield tag="042" ind1=" " ind2=" ">
<subfield code="a">dc</subfield>
</datafield>
<datafield tag="720" ind1=" " ind2=" ">
<subfield code="a">Díez de Revenga, Francisco Javier</subfield>
<subfield code="e">author</subfield>
</datafield>
<datafield tag="260" ind1=" " ind2=" ">
<subfield code="c">2013</subfield>
</datafield>
<datafield tag="520" ind1=" " ind2=" ">
<subfield code="a">En este artículo se da cuenta de las obras poéticas más reseñables publicadas en el ámbito español durante el año 2012. Se repasan tanto las aportaciones de los autores ya consagrados como las novedades de las últimas promociones y se ponen de relieve las distintas tendencias que marcan la evolución poética en la España actual.</subfield>
</datafield>
<datafield tag="024" ind2=" " ind1="8">
<subfield code="a">Siglo XXI. Literatura y Cultura Españolas; Núm. 11 (2013): Siglo XXI: Literatura y cultura españolas pags. 46-72</subfield>
</datafield>
<datafield tag="024" ind2=" " ind1="8">
<subfield code="a">2172-7457</subfield>
</datafield>
<datafield tag="024" ind2=" " ind1="8">
<subfield code="a">http://uvadoc.uva.es/handle/10324/28111</subfield>
</datafield>
<datafield tag="024" ind2=" " ind1="8">
<subfield code="a">46</subfield>
</datafield>
<datafield tag="024" ind2=" " ind1="8">
<subfield code="a">11</subfield>
</datafield>
<datafield tag="024" ind2=" " ind1="8">
<subfield code="a">72</subfield>
</datafield>
<datafield tag="245" ind1="0" ind2="0">
<subfield code="a">La Poesía en España en 2012. Permanencias, recuperaciones y nuevas propuestas.</subfield>
</datafield>
</record></metadata></record></GetRecord></OAI-PMH>